PNC - 04. Guia CAF 2006 para la realización del autodiagnóstico/MAP (Record no. 9487)
[ view plain ]
| 000 -LEADER | |
|---|---|
| campo de control de longitud fija | 00444nam a2200133Ia 4500 |
| 001 - NÚMERO DE CONTROL | |
| campo de control | 4316 |
| 008 - DATOS DE LONGITUD FIJA--INFORMACIÓN GENERAL | |
| campo de control de longitud fija | 241024s9999 xx 000 0 und d |
| 082 ## - NÚMERO DE LA CLASIFICACIÓN DECIMAL DEWEY | |
| Número de clasificación | RD/351.97293/R426/2012 |
| 100 ## - ENTRADA PRINCIPAL--NOMBRE DE PERSONA | |
| Nombre de persona | República Dominicana. Ministerio de Administración Pública MAP |
| 245 #0 - MENCIÓN DEL TÍTULO | |
| Título | PNC - 04. Guia CAF 2006 para la realización del autodiagnóstico/MAP |
| 260 ## - PUBLICACIÓN, DISTRIBUCIÓN, ETC. | |
| Nombre del editor, distribuidor, etc. | Dirección de Tecnología de Información y Comunicación |
| 590 ## - NOTA LOCAL (RLIN) | |
| Nota local | si |
No items available.